000 00448nam a2200145Ia 4500
003 OSt
005 20260129123307.0
008 211028s2018 xx 000 0 und d
040 _cAIMIT LIBRARY
041 _aeng
100 _aN Srilakshmi; James, Justine P.
_g1616114
_97869
245 _aStudy on training and development with special reference to JK type industries ltd Mysore /
260 _aMangalore
_bDhananjaya K.
_c2018
942 _2ddc
_cPRO
999 _c219437
_d219437